000 00527nam a2200157 a 4500
008 120416s0000 ||||||||||||||||| || u
020 _a3446148558
050 _aTP 1120 Bra
100 _aBraun, Dietrich
245 1 0 _aSimple methods of identification of plastics
250 _a2nd ed.
260 _aMunich
_bHanser
_c1986
300 _a110p. : ill.
350 _a0.00
995 _D0.00
_FCBU-MAIN LIBRARY (Kitwe)
_H1
_I36.00
_UAVAILABLE
_ZMain Library Open Access Collection
999 _c57473
_d57473